Detalles MARC
| 000 -LIDER |
| fixed length control field |
02820nam a2200361 a 4500 |
| 001 - NÚMERO DE CONTROL |
| Identificador de número de control |
000035681 |
| 003 - IDENTIFICACDOR DE NÚMERO DE CONTROL |
| control field |
DO-SdBNP |
| 005 - DATE AND TIME OF LATEST TRANSACTION |
| control field |
20170922134010.0 |
| 008 - ELEMENTOS DE LONGITUD FIJA |
| fixed length control field |
111108s2009 dr ac 001 0 spa d |
| 020 ## - ISBN |
| International Standard Book Number |
9789945131055 |
| 040 ## - FUENTE DE CATALOGACIÓN |
| Agencia que crea de manera original el registro |
BPMSU |
| Idioma de catalogación |
spa |
| Agencia que realiza la transcripción |
BPMSU |
| 082 #4 - NÚMERO DE CLASIFICACIÓN DECIMAL DE DEWEY |
| Classification number |
335.434 |
| Item number |
F825o |
| 100 1# - ASIENTO PRINCIPAL -- NOMBRE PERSONAL |
| Nombre personal |
Franco Pichardo, Franklin J. |
| Término de relación |
1936-2013 |
| 245 14 - MENCIÓN DE TITULO |
| Título |
Los orígenes del socialismo latinoamericano y dominicano : |
| Subtítulo |
contribución a su estudio / |
| Mención de responsabilidad |
Franklin Franco Pichardo. |
| 260 ## - PUBLICACIÓN, DISTRIBUCIÓN, ETC. (PIE DE IMPRENTA) |
| Lugar de publicación, distribución, etc |
Santo Domingo : |
| Nombre del editor, distribuidor, etc. |
Sociedad Editorial Dominicana, |
| Fecha de publicación, distribución, etc |
2009. |
| 300 ## - DESCRIPCIÓN FÍSICA |
| Extensión |
197 p. : |
| Otros detalles físicos |
il., retrs. ; |
| Dimensiones |
23 cm. |
| 504 ## - NOTA DE BIBLIOGRAFÍA, ETC. |
| Bibliography, etc |
Bibliografía: p. 197. |
| 505 0# - NOTA DE CONTENIDO |
| Información miscelánea |
Presentación -- |
| Título |
Génesis -- |
| -- |
Origen del concepto socialismo -- |
| -- |
Socialismo democrático o socialdemocracia -- |
| -- |
La comuna de París -- |
| -- |
La emigración europea hacia América -- |
| -- |
La influencia de los inmigrantes -- |
| -- |
El socialismo latinoamericano I -- |
| -- |
El socialismo latinoamericano II -- |
| -- |
Anarquistas y socialistas -- |
| -- |
El argentino Ugarte y el peruano Prada -- |
| -- |
La influencia de la Revolución Rusa -- |
| -- |
Rodó en Santo Domingo -- |
| -- |
José Ingenieros -- |
| -- |
Mariátegui -- |
| -- |
El salvadoreño Farabundo Martí y su vida ejemplar -- |
| -- |
Rafael Barrett: teórico del socialismo anarquista latinoamericano -- |
| -- |
Los orígenes del socialismo en República Dominicana -- |
| -- |
Los refugiados españoles -- |
| -- |
El costo del intervencionismo imperialista en Cuba -- |
| -- |
Los comunistas dominicanos en 1946 -- |
| -- |
El tortuoso surgimiento del socialismo venezolano: una lección para la historia -- |
| -- |
La "apertura" de la dictadura de Trujillo -- |
| -- |
La segunda guerra mundial y sus repercusiones en el seno de los grupos obreros y femeninos -- |
| -- |
La segunda guerra mundial y sus repercusiones I -- |
| -- |
La segunda guerra mundial y sus repercusiones II -- |
| -- |
La guerra fría -- |
| -- |
La guerra fría II -- |
| -- |
Los soviets cubanos -- |
| -- |
La guerra fría en Cuba -- |
| -- |
De la guerra fría al 26 de julio -- |
| -- |
Los marxistas dominicanos y la revolución cubana -- |
| -- |
Los marxistas dominicanos y la revolución cubana II -- |
| -- |
Contradicciones entre Bosch y el "socialdemócrata" Peña Gómez -- |
| -- |
(De Watergate a Watergulf: La caída del régimen Balaguerista) -- |
| Información miscelánea |
Bibliografía. |
| 650 #4 - ENCABEZAMIENTO DE MATERIA--TEMÁTICO |
| Término temático o nombre geográfico como elemento de entrada |
PARTIDOS SOCIALISTAS |
| Subdivisión geográfica |
AMÉRICA LATINA |
| Subdivisión temática general |
ENSAYOS , CONFERENCIAS, ETC. |
| 650 #4 - ENCABEZAMIENTO DE MATERIA--TEMÁTICO |
| Término temático o nombre geográfico como elemento de entrada |
PENSAMIENTO POLÍTICO Y SOCIAL |
| 650 #4 - ENCABEZAMIENTO DE MATERIA--TEMÁTICO |
| Término temático o nombre geográfico como elemento de entrada |
SOCIALISMO EN AMÉRICA LATINA |
| Subdivisión temática general |
ENSAYOS , CONFERENCIAS, ETC. |
| 650 #4 - ENCABEZAMIENTO DE MATERIA--TEMÁTICO |
| Término temático o nombre geográfico como elemento de entrada |
SOCIALISMO EN REPÚBLICA DOMINICANA |
| 650 #4 - ENCABEZAMIENTO DE MATERIA--TEMÁTICO |
| Término temático o nombre geográfico como elemento de entrada |
SOCIALISMO Y SOCIEDAD |
| Subdivisión temática general |
ENSAYOS , CONFERENCIAS, ETC. |
| 650 #4 - ENCABEZAMIENTO DE MATERIA--TEMÁTICO |
| Término temático o nombre geográfico como elemento de entrada |
DIARIOS DOMINICANOS |
| Subdivisión temática general |
SECCIONES, COLUMNAS, ETC. |
| 910 ## - VALIDACIÓN |
| Validación |
Validado. Control de calidad EMS |
| 930 #1 - EQUIVALENCE OR CROSS-REFERENCE-UNIFORM TITLE HEADING [LOCAL, CANADA] |
| Language of a work |
|
| Medium of performance for music |
|
| Medium |
|
| Field link and sequence number |
|
| Date of a work |
|
| Name of part/section of a work |
|
| Miscellaneous information |
|
| Medium |
|
| 942 ## - ADDED ENTRY ELEMENTS (KOHA) |
| Source of classification or shelving scheme |
Dewey Decimal Classification |
| Koha item type |
Libros |
| 945 ## - INFORMACIÓN DE PROCESAMIENTO LOCAL |
| Información de procesamiento local |
Inventariado, 2017/VM |
| 956 ## - LOCAL ELECTRONIC LOCATION AND ACCESS (OCLC) |
| Nombre de host |
|
| Número de acceso |
|
| Información de compresión |
|
| Inicio de sesión |
|
| Procesador de solicitud |
|
| 956 ## - LOCAL ELECTRONIC LOCATION AND ACCESS (OCLC) |
| Nombre de host |
|
| Número de acceso |
|
| Información de compresión |
|
| Inicio de sesión |
|
| Procesador de solicitud |
|
| 956 ## - LOCAL ELECTRONIC LOCATION AND ACCESS (OCLC) |
| Nombre de host |
|
| Número de acceso |
|
| Información de compresión |
|
| Inicio de sesión |
|
| Procesador de solicitud |
|
| 956 ## - LOCAL ELECTRONIC LOCATION AND ACCESS (OCLC) |
| Nombre de host |
VMATEO |
| Número de acceso |
10 |
| Información de compresión |
20150712 |
| Inicio de sesión |
BPMSU |
| Procesador de solicitud |
00151 |